| 000 | 01117cab a2200301 4500 | ||
|---|---|---|---|
| 001 | ABS55584 | ||
| 008 | 090401t1996 xxu||||| |||| 00| 0 eng d | ||
| 035 | _a(Sirsi) u17426 | ||
| 041 | _aeng | ||
| 100 | _aHenneberry, John M. | ||
| 245 | _aImpact fees and the financial structure of development | ||
| 260 | _c1996 | ||
| 350 | _a0 | ||
| 490 |
_aJournal of Property Finance _v7(2) 1996, 7-27(21) |
||
| 520 | _aConsiders the effect of impact fees on the financial structure of developments and the implications for the wider property market. Concludes that the effect of their introduction is significant but that the market will eventually adjust to reflect the change in relative costs and values. Statistics. | ||
| 650 | _aDEVEL0PERS | ||
| 650 | _aDEVELOPER CONTRIBUTIONS | ||
| 650 | _aDEVELOPMENT IMPACTS | ||
| 650 | _aIMPACT FEES | ||
| 650 | _aINFRASTRUCTURE CHARGES | ||
| 650 | _aOPEN SPACE CHARGES | ||
| 650 | _aPLANNING AGREEMENTS | ||
| 650 | _aTOWN AND COUNTRY PLANNING ACT 1990 | ||
| 690 | _aPLANNING LAW AND PRACTICE | ||
| 700 | _aGoodchild, B. | ||
| 942 | _n0 | ||
| 948 | _c04/03/1997 | ||
| 999 |
_c11561 _d11561 |
||